000 00965nas a2200289 4500
001 BR8102682
003 BR-BrBNA
005 20231205084722.0
007 ta
008 230509b bl.|||p| |||| 00| 00por d
040 _aBR-BrBNA
_bpor
_cBiblioteca Nacional de Agricultura
041 _a(En)
072 _aH20
100 1 _aLin, M.T.
100 1 _aGamez, R.
100 1 _aKitajima, E.W.
245 1 _aBean "Mosaico-em-desenho" virus is a member of the bean rugose mosaic virus serogroup [Feijao; Phaseolus vulgaris; Soro]
246 1 _aBean "Mosaico-em-desenho" virus is a member of the bean rugose mosaic virus serogroup [Bean; Phaseolus vulgaris; Serum]
650 _aDoenca de planta
650 _aFeijao
650 _aMosaico
650 _aVirus
650 _aSoro
773 0 _tFitopatologia Brasileira (Brazil)
_xISSN 0100-4158
_g(Jun 1981), v. 6(2) p. 293-298
_wBR8102682
909 _a202311
_bLúcia
_c55
_dLúcia Elande
942 _2AGRIS
_n0
_cANA
999 _c106848
_d106848